| 000 | 00524nam a2200217Ia 4500 | ||
|---|---|---|---|
| 005 | 20251122105138.0 | ||
| 008 | 230125s9999 xx 000 0 und d | ||
| 020 | _a9788130920368 | ||
| 041 | _aeng | ||
| 082 |
_a158.1 _bSIN |
||
| 100 | _aSingh | ||
| 245 | _aHappiness Always and in All Ways | ||
| 250 | _aEd.1st | ||
| 260 |
_c2017 _bViva Books _aNew Delhi |
||
| 300 | _a144p | ||
| 500 | _aPersonality Development | ||
| 650 |
_aPersonality Development _9213420 |
||
| 700 | _aSingh | ||
| 906 | _b69.75 | ||
| 942 | _cBK | ||
| 999 |
_c94838 _d94838 |
||